000
00333nam a2200133Ia 4500
008
240624s9999 xx 000 0 und d
041
_a
eng
082
_a
302.35 SIN
100
_a
SINHA JAI B P
245
_a
PATTERNS OF WORK CULTURE CASES AND STRAT
260
_c
2000
_a
New Delhi
_b
Sage
300
_a
260 : p. : cm. ; 24
365
_c
RS
999
_c
1072
_d
1072